"Poems of nature" ... (Record no. 15576)

MARC details
000 -LEADER
fixed length control field 00704cam a22002291 4500
001 - CONTROL NUMBER
control field ca 22000117
003 - CONTROL NUMBER IDENTIFIER
control field DLC
005 - DATE AND TIME OF LATEST TRANSACTION
control field 20260227111109.0
007 - PHYSICAL DESCRIPTION FIXED FIELD--GENERAL INFORMATION
fixed length control field cr_|||||||||||
008 - FIXED-LENGTH DATA ELEMENTS--GENERAL INFORMATION
fixed length control field 880813s1921 ohuac 000 0 eng
010 ## - LIBRARY OF CONGRESS CONTROL NUMBER
LC control number ca 22000117
035 ## - SYSTEM CONTROL NUMBER
System control number (OCoLC)18348570
040 ## - CATALOGING SOURCE
Original cataloging agency DLC
Transcribing agency RPB
Modifying agency DLC
042 ## - AUTHENTICATION CODE
Authentication code premarc
050 00 - LIBRARY OF CONGRESS CALL NUMBER
Classification number PS3515.E115
Item number P6 1921
100 1# - MAIN ENTRY--PERSONAL NAME
Personal name Head, Frank E.
245 10 - TITLE STATEMENT
Title "Poems of nature" ...
Statement of responsibility, etc. F.E. Head, author.
260 ## - PUBLICATION, DISTRIBUTION, ETC.
Place of publication, distribution, etc. [Toledo,
Name of publisher, distributor, etc. Standard Printing Co.,
Date of publication, distribution, etc. 1921]
300 ## - PHYSICAL DESCRIPTION
Extent 30 p., 1 l.
Other physical details illus. (incl. port.)
Dimensions 21 cm.
530 ## - ADDITIONAL PHYSICAL FORM AVAILABLE NOTE
Additional physical form available note Also available in digital form on the Internet Archive Web site.
856 41 - ELECTRONIC LOCATION AND ACCESS
Uniform Resource Identifier <a href="http://hdl.loc.gov/loc.gdc/scd0001.00159058554">http://hdl.loc.gov/loc.gdc/scd0001.00159058554</a>

No items available.

Powered by Koha